00563nam a2200145Ia 4500008004100000050002500041100003100066245005500097260008600152300003300238521001200271942000700283999001900290952010800309140724s9999 xx 000 0 und d aG 155.A1b.B682 2012 aBoiser, Niño Vittorio S. aAirgate Family Motel /cNiño Vittorio S. Boiser. aLas Piñas, Philippines :bSouthville International School and Colleges,cc2012. a46 p. :bcol. Ill. ;c28 cm. aTourism cTH c229061d229061 001040aCLbCLcTHESESd2014-07-24l0oG 155.A1 .B682 2012pT0415r2018-05-15 00:00:00w2014-07-24yTH